| 000 | 00658 a2200193 4500 | ||
|---|---|---|---|
| 020 | _a0072195541 | ||
| 035 | _a(OCoLC)ocm50237804 | ||
| 040 |
_aDLC _bDLC |
||
| 082 | 0 | 0 | _a006.891 |
| 100 | 1 | _aMcCanna, Laurie. | |
| 245 | 1 | 0 |
_aHow to do everything with Photoshop 7 _cLaurie McCanna. |
| 246 | 3 | 0 | _aPhotoshop 7 |
| 260 |
_aNew York : _bMcGraw-Hill/Osborne, _c2002. |
||
| 300 |
_axvii, 341 p. : _bill. ; _c24 cm. |
||
| 650 | 0 | _aComputer graphics. | |
| 856 | 4 | 1 |
_3Table of contents _uhttp://www.loc.gov/catdir/toc/mh031/2002727003.html |
| 856 | 4 | 1 |
_3Publisher description _uhttp://www.loc.gov/catdir/description/mh031/2002727003.html |
| 942 |
_cBK _k006.891 MCC _2ddc |
||
| 999 |
_c6787 _d6787 |
||